000 00315nam a2200109Ia 4500
008 171211s9999 xx 000 0 und d
245 _aImagining Methodism in Eighteenth-Century Britain
245 _cMisty G. Anderson
260 _c2012
650 _xCULTURE
856 _uhttp://down.ebook777.com/063/142140480X.pdf
999 _c347790
_d347790